MARC

Tag First Indicator Second Indicator Subfields
LEADER 00000cam a2200000Ii 4500
001 in00004097613
005 20191209105745.0
008 181113s2018 txu s000 0 eng d
035 |a (OCoLC)on1062571225 
040 |a TLGRL  |b eng  |e rda  |c TLGRL  |d OCLCO  |d IKM  |d OCLCF 
035 |a (OCoLC)1062571225 
043 |a n-us-tx 
086 |a S1500.8 L229s 2018  |2 txdocs 
049 |a TXAM 
110 1 |a Texas.  |b Sunset Advisory Commission. 
245 1 0 |a Texas Board of Professional Land Surveying :  |b Sunset staff report. 
246 1 7 |a Texas Board of Professional Land Surveying staff report 
264 1 |a Austin, TX :  |b Sunset Advisory Commission,  |c [2018] 
300 |a 34 pages ;  |c 28 cm. 
336 |a text  |b txt  |2 rdacontent 
337 |a unmediated  |b n  |2 rdamedia 
338 |a volume  |b nc  |2 rdacarrier 
490 1 |a Staff report 
500 |a "2018-2019, 86th Legislature." 
530 |a Also available online. 
610 2 0 |a Texas Board of Professional Land Surveying  |x Evaluation. 
610 2 7 |a Texas Board of Professional Land Surveying.  |2 fast  |0 (OCoLC)fst00663063 
650 0 |a Sunset reviews of government programs  |z Texas. 
650 7 |a Evaluation.  |2 fast  |0 (OCoLC)fst00916975 
650 7 |a Sunset reviews of government programs.  |2 fast  |0 (OCoLC)fst01138726 
651 7 |a Texas.  |2 fast  |0 (OCoLC)fst01210336 
830 0 |a Staff report (Texas. Sunset Advisory Commission) 
856 4 1 |u https://www.sunset.texas.gov/public/uploads/files/reports/Texas%20Board%20of%20Professional%20Land%20Surveying%20Staff%20Report_11-9-18.pdf  |t 0 
994 |a C0  |b TXA 
948 |a cataloged  |b h  |c 2019/12/09  |d c  |e hmorrison  |f 10:57:41 am 
999 f f |s b330783f-0ae1-3795-8253-aaa099da3a09  |i 3b842039-e596-3758-826d-cc09de08fab2  |t 0 
952 f f |p normal  |a Texas A&M University  |b College Station  |c Sterling C. Evans Library  |d Evans: Texas Documents (Annex 5th floor)  |t 0  |e S1500.8 L229s 2018  |h Superintendent of Documents classification  |i unmediated -- volume  |m A14842671795 
998 f f |a S1500.8 L229s 2018  |t 0  |l Evans: Texas Documents (Annex 5th floor)